Loading...
| History - US | 1 | 6 | 2 | 1 | 65 | 65 | 111.43 | 0 | 2 | 0.00 | 0.00 |
| History - World | 2 | 3 | 2 | 1 | 50 | 43 | 110.80 | 2 | 2 | 0.00 | 0.00 |
| History - European | 1 | 4 | 2 | 2 | 45 | 72 | 114.40 | 0 | 2 | 0.00 | 0.00 |
| Literature - World | 0 | 4 | 0 | 2 | 40 | 99 | 128.25 | 0 | 3 | 0.00 | 0.00 |
| Literature - American | 0 | 4 | 0 | 2 | 40 | 125 | 139.00 | 0 | 0 | 0.00 | 0.00 |
| Fine Arts - Other | 0 | 3 | 0 | 2 | 30 | 112 | 135.00 | 0 | 1 | 0.00 | 0.00 |
| Modern World | 0 | 2 | 0 | 1 | 20 | 93 | 113.50 | 0 | 1 | 0.00 | 0.00 |
| Beliefs | 0 | 3 | 3 | 3 | 15 | 110 | 129.33 | 1 | 1 | 0.00 | 0.00 |
| Geography | 0 | 2 | 1 | 0 | 15 | 103 | 117.00 | 0 | 1 | 0.00 | 0.00 |
| Philosophy | 0 | 1 | 0 | 0 | 10 | 142 | 142.00 | 0 | 1 | 0.00 | 0.00 |
| Social Science | 0 | 1 | 0 | 1 | 10 | 145 | 145.00 | 0 | 1 | 0.00 | 0.00 |
| Fine Arts - Visual | 0 | 1 | 0 | 0 | 10 | 124 | 124.00 | 0 | 0 | 0.00 | 0.00 |
| History - Other | 0 | 2 | 2 | 0 | 10 | 122 | 136.00 | 0 | 0 | 0.00 | 0.00 |
| Other Academic | 0 | 1 | 0 | 0 | 10 | 90 | 90.00 | 0 | 0 | 0.00 | 0.00 |
| Fine Arts - Classical Music and Opera | 0 | 0 | 1 | 0 | -5 | 0.00 | 0 | 0 | 0.00 | 0.00 | |
| Literature - British | 0 | 0 | 1 | 0 | -5 | 0.00 | 0 | 0 | 0.00 | 0.00 |